Industrial property code of Mozambique : (Record no. 129774)
[ view plain ]
| 000 -LEADER | |
|---|---|
| fixed length control field | 01405cam a2200349 a 4500 |
| 001 - CONTROL NUMBER | |
| control field | 12690950 |
| 003 - CONTROL NUMBER IDENTIFIER | |
| control field | ARRUPE |
| 005 - DATE AND TIME OF LATEST TRANSACTION | |
| control field | 20190903111143.0 |
| 008 - FIXED-LENGTH DATA ELEMENTS--GENERAL INFORMATION | |
| fixed length control field | 011024s2000 mz l f000 0 eng |
| 010 ## - LIBRARY OF CONGRESS CONTROL NUMBER | |
| LC control number | 2001312040 |
| 035 ## - SYSTEM CONTROL NUMBER | |
| System control number | (DLC) 2001312040 |
| 040 ## - CATALOGING SOURCE | |
| Original cataloging agency | DLC |
| Transcribing agency | DLC |
| Modifying agency | DLC |
| 041 0# - LANGUAGE CODE | |
| Language code of text/sound track or separate title | engpor |
| 042 ## - AUTHENTICATION CODE | |
| Authentication code | lcode |
| 043 ## - GEOGRAPHIC AREA CODE | |
| Geographic area code | f-mz--- |
| 050 00 - LIBRARY OF CONGRESS CALL NUMBER | |
| Classification number | KSX1194.A31 2016 |
| Item number | A4 2000 |
| 082 00 - DEWEY DECIMAL CLASSIFICATION NUMBER | |
| Classification number | 346.67904/8/02632 |
| Edition number | 21 |
| 300 ## - PHYSICAL DESCRIPTION | |
| Dimensions | 21 cm. |
| 110 1# - MAIN ENTRY--CORPORATE NAME | |
| Corporate name or jurisdiction name as entry element | Mozambique. |
| 9 (RLIN) | 47989 |
| 245 10 - TITLE STATEMENT | |
| Title | Industrial property code of Mozambique : |
| Remainder of title | Elio Teixeira and Carlos Martins |
| 246 31 - VARYING FORM OF TITLE | |
| Title proper/short title | codigo da propriedade industrial de Mocambique: |
| Remainder of title | approved by Decree no. 18/99 of May 4 |
| 260 ## - PUBLICATION, DISTRIBUTION, ETC. (IMPRINT) | |
| Place of publication, distribution, etc | Mozambique : |
| Name of publisher, distributor, etc | Adams and Adams |
| Date of publication, distribution, etc | 2016. |
| 300 ## - PHYSICAL DESCRIPTION | |
| Extent | 67p. ; |
| 546 ## - LANGUAGE NOTE | |
| Language note | English and Portuguese. |
| 650 #0 - SUBJECT ADDED ENTRY--TOPICAL TERM | |
| Topical term or geographic name as entry element | Industrial property |
| Geographic subdivision | Mozambique. |
| 9 (RLIN) | 47990 |
| 650 #0 - SUBJECT ADDED ENTRY--TOPICAL TERM | |
| Topical term or geographic name as entry element | Patent laws and legislation |
| Geographic subdivision | Mozambique. |
| 9 (RLIN) | 47991 |
| 650 #0 - SUBJECT ADDED ENTRY--TOPICAL TERM | |
| Topical term or geographic name as entry element | Trademarks |
| General subdivision | Law and legislation |
| Geographic subdivision | Mozambique. |
| 9 (RLIN) | 47992 |
| 710 1# - ADDED ENTRY--CORPORATE NAME | |
| Corporate name or jurisdiction name as entry element | Mozambique. |
| Subordinate unit | Ministério da Indústria e Comércio. |
| 9 (RLIN) | 47993 |
| 906 ## - LOCAL DATA ELEMENT F, LDF (RLIN) | |
| a | 7 |
| b | cbc |
| c | origode |
| d | 2 |
| e | ncip |
| f | 20 |
| g | y-gencatlg |
| 942 ## - ADDED ENTRY ELEMENTS (KOHA) | |
| Source of classification or shelving scheme | Library of Congress Classification |
| Koha item type | Monograph ( Printed materials) |
| Withdrawn status | Lost status | Source of classification or shelving scheme | Damaged status | Not for loan | Collection code | Home library | Current library | Shelving location | Date acquired | Total Checkouts | Full call number | Barcode | Date last seen | Price effective from | Koha item type |
|---|---|---|---|---|---|---|---|---|---|---|---|---|---|---|---|
| Library of Congress Classification | Main Collection | ARRUPE LIBRARY | ARRUPE LIBRARY | Main Collection | 03/09/2019 | KSX1194.A31 2016 | 46600005355 | 03/09/2019 | 03/09/2019 | Monograph ( Printed materials) |